World cup 1934 teams - Statistics

General Stats
  • This quiz has been taken 514 times
    498 since last reset
  • The average score is 14 of 16
Answer Stats
Hint Answer % Correct
Winner Italy
99%
First round Brazil
97%
First round France
94%
First round Argentina
93%
Semi-final Germany
93%
Quarter-finals Spain
93%
First round United States
92%
Quarter-finals Hungary
86%
Quarter-finals Sweden
85%
Semi-final Austria
84%
First round Belgium
81%
Runner-up Czechoslovakia
81%
Quarter-finals Switzerland
81%
First round Netherlands
78%
First round Romania
73%
First round Egypt
59%
No matching quizzes found
Score Distribution
Percent of People with Each Score
Percentile by Number Answered
Your Score History
You have not taken this quiz since the last reset